Shop rift (Record no. 83224)
[ view plain ]
| 000 -LEADER | |
|---|---|
| fixed length control field | 01016cab a22001935a 4500 |
| 001 - CONTROL NUMBER | |
| control field | L153193 |
| 008 - FIXED-LENGTH DATA ELEMENTS--GENERAL INFORMATION | |
| fixed length control field | 110622e2011 xxk 000 0 eng d |
| 035 ## - SYSTEM CONTROL NUMBER | |
| System control number | (Sirsi) u153193 |
| 041 0# - LANGUAGE CODE | |
| Language code of text/sound track or separate title | eng |
| 100 1# - MAIN ENTRY--PERSONAL NAME | |
| Personal name | Thomas, Daniel |
| 245 00 - TITLE STATEMENT | |
| Title | Shop rift |
| 260 ## - PUBLICATION, DISTRIBUTION, ETC. | |
| Date of publication, distribution, etc. | 2011 |
| 490 #0 - SERIES STATEMENT | |
| Series statement | Property Week |
| Volume/sequential designation | 77(24) 17 June 2011, 32-35(4) |
| 520 ## - SUMMARY, ETC. | |
| Summary, etc. | Colliers International's Midsummer Retail Report 2011 presents a fragmented retail economy with London and southeast England advancing and some northern towns failing. Reports on rental levels, vacancy rates, growth in selected towns, the exceptional performance of the London retail scene, the 'Olympic effect' with East End retail development, the investment market at its top, and the slow flow in retail development. Graphics display voids, rental forecasts, zone A rents, top 10 retail destinations, and the development pipeline. |
| 590 ## - LOCAL NOTE (RLIN) | |
| Local note | KA |
| 651 #4 - SUBJECT ADDED ENTRY--GEOGRAPHIC NAME | |
| Geographic name | United Kingdom |
| Chronological subdivision | |
| 690 ## - LOCAL SUBJECT ADDED ENTRY--TOPICAL TERM (OCLC, RLIN) | |
| Topical term or geographic name as entry element | PROPERTY-COMMERCIAL PROPERTY-COMMERCIAL PROPERTY MARKET |
| 942 ## - ADDED ENTRY ELEMENTS (KOHA) | |
| Suppress in OPAC | 0 |
| Withdrawn status | Lost status | Source of classification or shelving scheme | Damaged status | Not for loan | Home library | Current library | Shelving location | Date acquired | Total Checkouts | Full call number | Barcode | Date last seen | Copy number | Price effective from | Koha item type |
|---|---|---|---|---|---|---|---|---|---|---|---|---|---|---|---|
| Dewey Decimal Classification | London | London | Journal article | 22/06/2011 | L153193 | 153193-1001 | 06/08/2019 | 1 | 06/08/2019 | Journal article |